Immortal lines : (Record no. 4028)

MARC details
000 -LEADER
fixed length control field 00451cam a2200145 4500
001 - CONTROL NUMBER
control field 4848
005 - DATE AND TIME OF LATEST TRANSACTION
control field 20181127174243.0
008 - FIXED-LENGTH DATA ELEMENTS--GENERAL INFORMATION
fixed length control field 071016s2007 bt a 000 0 eng
010 ## - LIBRARY OF CONGRESS CONTROL NUMBER
LC control number 2007340811
100 0# - MAIN ENTRY--PERSONAL NAME
Personal name Jigme Singye Wangchuck,
Titles and words associated with a name King of Bhutan,
Dates associated with a name 1955-
245 10 - TITLE STATEMENT
Title Immortal lines :
Remainder of title speeches of the 4th Druk Gyalpo Jigme Singye Wangchuck.
250 ## - EDITION STATEMENT
Edition statement 1st ed.
260 ## - PUBLICATION, DISTRIBUTION, ETC.
Place of publication, distribution, etc. Thimphu :
Name of publisher, distributor, etc. Bhutan Times,
Date of publication, distribution, etc. 2007.
300 ## - PHYSICAL DESCRIPTION
Extent 195 p. :
Other physical details col. ill. ;
Dimensions 31 cm.
Holdings
Withdrawn status Lost status Source of classification or shelving scheme Damaged status Not for loan Collection code Home library Current library Shelving location Serial Enumeration / chronology Inventory number Total Checkouts Total Renewals Full call number Barcode Date last seen Date last checked out Price effective from Koha item type Date acquired
    Dewey Decimal Classification     Main TEST RTC Library RTC Library Main opac 7671 2 2 954.98 IMM 30007952 25/08/2020 14/04/2020 27/11/2018 Main  
    Dewey Decimal Classification     Main TEST RTC Library RTC Library Main opac 13648   3 2 954.98 IMM 30013858 29/06/2021 29/04/2021 11/04/2019 Main 11/04/2019
Royal Thimphu College || All Right Reserved